| 000 | 02320cam a22001694a 4500 | ||
|---|---|---|---|
| 005 | 20250605164029.0 | ||
| 008 | 250528s ||||||||||||||||||||||||d | ||
| 035 | _a16573 | ||
| 040 |
_aGR-AtMCL _bgre _dGR-AtMCL _eAACR2 |
||
| 245 | 1 | _aΓενικές Αρχές Λογιστικής / Προσαρμοσμένες στο Ελληνικό Γενικό Λογιστικό Σχέδιο | |
| 260 |
_bAmacom, _c1994 |
||
| 520 | _aΓια τους μαθητές της δευτεροβάθμιας επαγγελματικής εκπαίδευσης - Για τους καταρτιζόμενους στα Ι.Ε.Κ. σε οικονομικά επαγγέλματα - Για τους σπουδαστές και φοιτητές του οικονομικού κύκλου - Αλλά και για τους οικονομολόγους καθηγητές Δ.Ε. Οι Λογαριασμοί του Ισολογισμού, Εισαγωγή στη Λογιστική, Η Οικονομική Κατάσταση της Επιχείρησης, Απογραφή - Ισολογισμός, Ο Μηχανισμός των Διπλογραφικών Εγγράφων, Η Διπλογραφική Μέθοδος και το Κλασσικό Σύστημα Εγγράφων, Διάκριση των Λογαριασμών του Ισολογισμού Ανάλογα με το Περιεχόμενο τους, Οι Λογαριασμοί από Οργανωτική Άποψη, Οι Λογαριασμοί Εκμεταλλεύσεως και Αποτελεσμάτων, Οι Λογαριασμοί των Οργανικών Εξόδων και Εσόδων Κατ' είδον, Οι Λογαριασμοί των Αποτελεσμάτων, Άλλες Διακρίσεις των Λογαριασμών, Ο Τελικός Ισολογισμός, Οι Λογιστικές Εργασίες στο Τέλος της Χρήσης, Βασικά Θέματα των Γενικών Αρχών Λογιστικής, Το Συγκεντρωτικό Σύστημα Εγγραφών, Ο Φόρος Προστιθέμενης Αξίας, Η Λογιστική των Γραμματίων, Η Λογιστική των Υποκαταστημάτων. | ||
| 700 | 1 |
_aΔεδούσης Ηλίας _92663 |
|
| 942 | _cBK | ||
| 999 |
_c2062 _d2062 |
||